000 00865cam a2200217 4500
001 WB3917-14
008 030508n2003 000 0 eng u
035 _a(Sirsi) u122216
245 _aFairer tenancy contracts
260 _c2003
490 _aOFT Press Release
_v(54/03) 7 May 2003 (2)
520 _aFollowing the publication of OFT guidance on unfair terms in tenancy agreements, organisations including RICS have worked with the OFT to ensure the terms of their standard tenancy contracts are fairer and clearer. http://www.gnn.gov.uk/gnn/national.nsf/Daily+News/052BA8B455888E3A80256D1F003E6666?opendocument.
590 _aWB
650 _aOFT
650 _aTENANCY AGREEMENTS
650 _aUNFAIR TERMS IN CONSUMER CONTRACTS REGULATIONS 1999
650 _aREGULATIONS
650 _aFAIRNESS
690 _aLandlord and tenant
_96252
942 _n0
999 _c72636
_d72636